<?xml version="1.0" encoding="UTF-8"?>
<record
    xmlns:xsi="http://www.w3.org/2001/XMLSchema-instance"
    xsi:schemaLocation="http://www.loc.gov/MARC21/slim http://www.loc.gov/standards/marcxml/schema/MARC21slim.xsd"
    xmlns="http://www.loc.gov/MARC21/slim">

  <leader>01465nam a22001697a 4500</leader>
  <controlfield tag="008">200311b        xxu||||| |||| 00| 0 eng d</controlfield>
  <datafield tag="020" ind1=" " ind2=" ">
    <subfield code="a">9780077729028</subfield>
  </datafield>
  <datafield tag="050" ind1=" " ind2=" ">
    <subfield code="a">HF5415.G6753(5e)</subfield>
  </datafield>
  <datafield tag="100" ind1=" " ind2=" ">
    <subfield code="a">Grewal, Dhruv.</subfield>
  </datafield>
  <datafield tag="245" ind1=" " ind2=" ">
    <subfield code="a">Marketing. /</subfield>
    <subfield code="c">Dhruv Grewal and Michael Levy.</subfield>
  </datafield>
  <datafield tag="260" ind1=" " ind2=" ">
    <subfield code="a">New York :</subfield>
    <subfield code="b">McGraw-Hill ;</subfield>
    <subfield code="c">2016.</subfield>
  </datafield>
  <datafield tag="300" ind1=" " ind2=" ">
    <subfield code="a">li, 679 p. :</subfield>
    <subfield code="b">il.l;</subfield>
    <subfield code="c">28 cm.</subfield>
  </datafield>
  <datafield tag="500" ind1=" " ind2=" ">
    <subfield code="a">Includes index and glossary.</subfield>
  </datafield>
  <datafield tag="505" ind1=" " ind2=" ">
    <subfield code="a">Content:Section 1:Assessing the marketplace -- Overview of marketing -- Developing marketing strategies and a marketing plan -- Social and mobile marketing -- Marketing ethics -- Analyzing the marketing environment -- Section 2: Understanding the marketplace -- Consumer behavior -- Business- to-business marketing -- Global marketing -- Section 3: Targeting the marketplace -- Segmentation, targeting, and positioning -- Marketing research -- Section 4:Value creation -- Product, branding, and packaging decisions -- Developing new products -- Services: the intangible product -- Section 5: Value capture -- Pricing concepts for establishing value -- Strategic pricing methods -- Section 6:Value delivery designing the channel and supply chain -- Supply chain and channel management -- Retailing and omnichannel marketing -- Section 7:Value communication -- Integrated marketing communications -- Advertising, public relations , and sales promotions -- Personal selling and sales management. </subfield>
  </datafield>
  <datafield tag="700" ind1=" " ind2=" ">
    <subfield code="a">Levy, Michael.</subfield>
  </datafield>
  <datafield tag="942" ind1=" " ind2=" ">
    <subfield code="2">lcc</subfield>
    <subfield code="c">BK</subfield>
  </datafield>
  <datafield tag="999" ind1=" " ind2=" ">
    <subfield code="c">7157</subfield>
    <subfield code="d">14657</subfield>
  </datafield>
  <datafield tag="952" ind1=" " ind2=" ">
    <subfield code="0">0</subfield>
    <subfield code="1">0</subfield>
    <subfield code="2">lcc</subfield>
    <subfield code="4">0</subfield>
    <subfield code="7">0</subfield>
    <subfield code="a">WIUC-1</subfield>
    <subfield code="b">WIUC-1</subfield>
    <subfield code="c">CC</subfield>
    <subfield code="d">2020-03-11</subfield>
    <subfield code="l">0</subfield>
    <subfield code="o">HF5415.G675(5e)</subfield>
    <subfield code="p">922/040/20</subfield>
    <subfield code="r">2020-03-11 00:00:00</subfield>
    <subfield code="t">1</subfield>
    <subfield code="w">2020-03-11</subfield>
    <subfield code="y">BK</subfield>
  </datafield>
  <datafield tag="952" ind1=" " ind2=" ">
    <subfield code="0">0</subfield>
    <subfield code="1">0</subfield>
    <subfield code="2">lcc</subfield>
    <subfield code="4">0</subfield>
    <subfield code="7">0</subfield>
    <subfield code="a">WIUC-1</subfield>
    <subfield code="b">WIUC-1</subfield>
    <subfield code="c">REF</subfield>
    <subfield code="d">2020-03-11</subfield>
    <subfield code="l">0</subfield>
    <subfield code="o">HF5415.G6751(5e)</subfield>
    <subfield code="p">8604/056/20</subfield>
    <subfield code="r">2020-05-18 00:00:00</subfield>
    <subfield code="t">2</subfield>
    <subfield code="w">2020-03-11</subfield>
    <subfield code="y">BK</subfield>
  </datafield>
  <datafield tag="952" ind1=" " ind2=" ">
    <subfield code="0">0</subfield>
    <subfield code="1">0</subfield>
    <subfield code="2">lcc</subfield>
    <subfield code="4">0</subfield>
    <subfield code="7">0</subfield>
    <subfield code="a">WIUC-1</subfield>
    <subfield code="b">WIUC-1</subfield>
    <subfield code="c">REF</subfield>
    <subfield code="d">2020-03-11</subfield>
    <subfield code="l">0</subfield>
    <subfield code="o">HF5415.G6752(5e)</subfield>
    <subfield code="p">8605/057/20</subfield>
    <subfield code="r">2020-05-18 00:00:00</subfield>
    <subfield code="t">3</subfield>
    <subfield code="w">2020-03-11</subfield>
    <subfield code="y">BK</subfield>
  </datafield>
  <datafield tag="952" ind1=" " ind2=" ">
    <subfield code="0">0</subfield>
    <subfield code="1">0</subfield>
    <subfield code="2">lcc</subfield>
    <subfield code="4">0</subfield>
    <subfield code="7">0</subfield>
    <subfield code="a">WIUC-1</subfield>
    <subfield code="b">WIUC-1</subfield>
    <subfield code="c">REF</subfield>
    <subfield code="d">2020-03-11</subfield>
    <subfield code="l">0</subfield>
    <subfield code="o">HF5415.G6753(5e)</subfield>
    <subfield code="p">8614/066/20</subfield>
    <subfield code="r">2020-05-18 00:00:00</subfield>
    <subfield code="t">4</subfield>
    <subfield code="w">2020-03-11</subfield>
    <subfield code="y">BK</subfield>
  </datafield>
</record>
